Fast Flags of Fury Quiz Stats

 Plays Quiz Updated Feb 13, 2019

Support Sporcle.
Go Orange.
Score 0/20 Timer 04:00
1 Play Today
Country % Correct
Canada
96.1%
Germany
92.9%
Israel
92%
Brazil
91.7%
China
90.5%
Sweden
90.1%
South Korea
89.7%
Australia
89.3%
Norway
83.4%
Greece
83.3%
Country % Correct
Mexico
74.1%
Kenya
61.7%
Lebanon
59.5%
North Macedonia
49.8%
Cambodia
49.6%
Bhutan
47.2%
Honduras
43.1%
Uganda
39.4%
Liechtenstein
37%
Kyrgyzstan
34.4%

From the Vault

New York Consonants

by Flick

Geography 30s
No vowels in this one - they must've gotten stuck in traffic.
Remove Ads.
Support Sporcle.
Get the best of Sporcle when you Go Orange. This ad-free experience offers more features, more stats, and more fun while also helping to support Sporcle. Thank you for becoming a member.

Show Comments

Extras

Top Quizzes Today


Score Distribution

Your Account Isn't Verified!

In order to create a playlist on Sporcle, you need to verify the email address you used during registration. Go to your Sporcle Settings to finish the process.

Report this User

Report this user for behavior that violates our Community Guidelines.

Details: